000 00345 a2200133 4500
003 Nust
005 20170207154025.0
040 _cNust
100 _aMarek J. Patyra , Janos L.
245 _aDigital Fuzzy Logic Controller Design and Implementation (E-Book)
_cMarek J. Patyra , Janos L.
260 _bIEEE
_c1996
300 _a21 P;
651 _a(E-Book)
942 _2ddc
_cBK
999 _c191858
_d191858